Vzájomné zamestnávanie občanov medzi Českou republikou a Slovenskou republikou a daň z príjmov s príkladmi
Základné právne normy. Základné pojmy v súlade so zmluvou a vnútroštátnymi predpismi. Osobná a vecná daňová príslušnosť. Zdanenie príjmov zo závislej činnosti. Určenie daňovej rezidencie daňovníkov a z toho vyplývajúci rozsah ich daňových povinností na území konkrétneho štátu. Inštitút zahraničného...
Gespeichert in:
| 1. Verfasser: | |
|---|---|
| Format: | Buchkapitel |
| Sprache: | Slowakisch |
| Schlagworte: | |
| Tags: |
Keine Tags, Fügen Sie das erste Tag hinzu!
|
MARC
| LEADER | 00000naa$a2200000$$$4500 | ||
|---|---|---|---|
| 001 | 0031118 | ||
| 005 | 20231106071514.5 | ||
| 041 | 0 | |a slo | |
| 044 | |a SK | ||
| 245 | 1 | 0 | |a Vzájomné zamestnávanie občanov medzi Českou republikou a Slovenskou republikou a daň z príjmov s príkladmi |c Jana Borčíková |
| 520 | |a Základné právne normy. Základné pojmy v súlade so zmluvou a vnútroštátnymi predpismi. Osobná a vecná daňová príslušnosť. Zdanenie príjmov zo závislej činnosti. Určenie daňovej rezidencie daňovníkov a z toho vyplývajúci rozsah ich daňových povinností na území konkrétneho štátu. Inštitút zahraničného platiteľa dane. | ||
| 610 | 2 | 0 | |a práca v zahraničí |
| 610 | 2 | 0 | |a dane z príjmov |
| 610 | 2 | 0 | |a zdaňovanie |
| 610 | 2 | 0 | |a daňovníci |
| 610 | 2 | 0 | |a rezidenti |
| 610 | 2 | 0 | |a zdanenie dvojité |
| 610 | 2 | 0 | |a Česko |
| 610 | 2 | 0 | |a Slovensko |
| 610 | 2 | 0 | |a normy právne |
| 100 | 1 | |a Borčíková, Jana | |